Loading...
| Science - Physics | 0 | 7 | 1 | 1 | 65 | 27 | 59.71 | 2 | 6 | 29.63 | 37.92 |
| Social Science | 0 | 2 | 0 | 1 | 20 | 81 | 96.50 | 1 | 1 | 2.16 | 7.92 |
| Science - Chemistry | 0 | 2 | 0 | 1 | 20 | 27 | 72.00 | 0 | 1 | 6.08 | 6.67 |
| Science - Other | 0 | 2 | 1 | 0 | 15 | 37 | 58.00 | 0 | 2 | 8.99 | 11.67 |
| Popular Culture | 0 | 1 | 0 | 0 | 10 | 86 | 86.00 | 0 | 0 | 10.37 | 5.00 |
| Science - Biology | 0 | 1 | 0 | 0 | 10 | 62 | 62.00 | 0 | 1 | 3.80 | 3.33 |
| Religion | 0 | 1 | 0 | 0 | 10 | 99 | 99.00 | 0 | 1 | 0.76 | 6.67 |
| Mythology | 0 | 1 | 0 | 1 | 10 | 103 | 103.00 | 0 | 0 | 1.88 | 3.33 |
| Other Academic | 0 | 1 | 0 | 0 | 10 | 82 | 82.00 | 1 | 1 | 13.09 | 33.33 |
| Philosophy | 0 | 1 | 0 | 0 | 10 | 97 | 97.00 | 0 | 0 | 1.71 | 1.67 |
| Fine Arts - Other | 0 | 0 | 1 | 0 | -5 | 0.00 | 0 | 0 | 0.00 | 0.00 |